Production and Operations Management / Fourth Edition (Record no. 1086)
[ view plain ]
| 000 -LEADER | |
|---|---|
| fixed length control field | 01454cam a22002174a 4500 |
| 005 - ΗΜΕΡΟΜΗΝΙΑ ΚΑΙ ΩΡΑ ΤΕΛΕΥΤΑΙΑΣ ΕΝΗΜΕΡΩΣΗΣ | |
| Πεδίο ελέγχου | 20250605163957.0 |
| 008 - FIXED-LENGTH DATA ELEMENTS--GENERAL INFORMATION | |
| Πεδίο ελέγχου σταθερού μήκους | 250528s ||||||||||||||||||||||||d |
| 035 ## - SYSTEM CONTROL NUMBER | |
| System control number | 15510 |
| 020 ## - ISBN | |
| ISBN | 007Y664161 |
| 040 ## - ΠΗΓΗ ΚΑΤΑΛΟΓΟΓΡΑΦΗΣΗΣ | |
| Φορέας πρωτότυπης καταλογογράφησης | MC Athens Campus Library |
| Γλώσσα καταλογογράφησης | Ελληνικά, Μοντέρνα (1453-) |
| Modifying agency | MC Athens Campus Library |
| Κανόνες περιγραφικής καταλογογράφησης | AACR2 |
| 245 1# - ΤΙΤΛΟΣ ΚΑΙ ΔΗΛΩΣΗ ΥΠΕΥΘΥΝΟΤΗΤΑΣ | |
| Τίτλος | Production and Operations Management / Fourth Edition |
| 250 ## - EDITION STATEMENT | |
| Edition statement | 4th |
| 260 ## - PUBLICATION, DISTRIBUTION, ETC. | |
| Name of publisher, distributor, etc. | Mcgraw Hill Book Company, |
| Date of publication, distribution, etc. | 1982 |
| 300 ## - PHYSICAL DESCRIPTION | |
| Extent | 656 |
| 505 0# - FORMATTED CONTENTS NOTE | |
| Formatted contents note | The Production and Operations Function, Methods of Forecasting Demand, Capacity Requirements Planning, Financial Analysis of Operating Plans, Determination of Economic Order Quantities, Layout and Handling and Location Decisions, Resource Procurement and Operations Control, Project Scheduling and Resource Allocation, Development of Efficient Work Methods, Work Measurement Techniques, Employee Motivation, Quality Assurance, A Retrospective View, Appendix, Index. |
| 520 ## - SUMMARY, ETC. | |
| Summary, etc. | The Production and Operations Function, Methods of Forecasting Demand, Capacity Requirements Planning, Financial Analysis of Operating Plans, Determination of Economic Order Quantities, Layout and Handling and Location Decisions, Resource Procurement and Operations Control, Project Scheduling and Resource Allocation, Development of Efficient Work Methods, Work Measurement Techniques, Employee Motivation, Quality Assurance, A Retrospective View, Appendix, Index. |
| 700 1# - ΠΡΟΣΘΕΤΗ ΑΝΑΓΡΑΦΗ--ΦΥΣΙΚΟ ΠΡΟΣΩΠΟ | |
| Personal name | Mayer Raymond |
| 9 (RLIN) | 1444 |
| 942 ## - ADDED ENTRY ELEMENTS (KOHA) | |
| Koha item type | Books |
| Τύπος τεκμηρίου | Βιβλιοθήκη | Τρέχουσα τοποθεσία | Barcode | Αριθμός εισαγωγής | Ημερομηνία απόκτησης | Ταξιθετικό σύμβολο | Αριθμός αντιτύπου | Κατάσταση απόσυρσης | Κατάσταση χαμένου | Κατάσταση κατεστραμμένου | Μη δανεισμός | Σύνολο δανεισμών | Ημερομηνία τελευταίας εμφάνισης | Η τιμή ισχύει από |
|---|---|---|---|---|---|---|---|---|---|---|---|---|---|---|
| Books | MC Athens Campus Library | MC Athens Campus Library | 9780000010858 | 1856 | 05/06/2025 | 658.5 MAY | 1 | 05/06/2025 | 05/06/2025 |